Withdrawal symptoms (Record no. 82750)

MARC details
000 -LEADER
fixed length control field 01217cab a22002655a 4500
001 - CONTROL NUMBER
control field L151289
008 - FIXED-LENGTH DATA ELEMENTS--GENERAL INFORMATION
fixed length control field 101014e20101009xxk 000 0 eng d
035 ## - SYSTEM CONTROL NUMBER
System control number (Sirsi) u151289
041 0# - LANGUAGE CODE
Language code of text/sound track or separate title eng
100 1# - MAIN ENTRY--PERSONAL NAME
Personal name Pfleger, Heidi
245 00 - TITLE STATEMENT
Title Withdrawal symptoms
260 ## - PUBLICATION, DISTRIBUTION, ETC.
Date of publication, distribution, etc. 2010
490 ## - SERIES STATEMENT
Series statement Estates Gazette
Volume/sequential designation (1040) 9 October 2010, 100-101(2)
520 ## - SUMMARY, ETC.
Summary, etc. Tenants considering exercising break options to end liabilities under a long term lease should bear in mind the legal consequences. Tenants cannot unilaterally withdraw a break notice without the consent of the landlord once it has been served. If both parties agree to a withdrawal, a new lease is created on the same terms as its predecessor. Refers to case law and practical considerations of Landlord and Tenant (Covenants) Act 1995 and Landlord and Tenant Act 1954 relating to break clauses.
590 ## - LOCAL NOTE (RLIN)
Local note KA
650 24 - SUBJECT ADDED ENTRY--TOPICAL TERM
Topical term or geographic name entry element LANDLORD AND TENANT (COVENANTS) ACT 1995
650 24 - SUBJECT ADDED ENTRY--TOPICAL TERM
Topical term or geographic name entry element LANDLORD AND TENANT ACT 1954
650 24 - SUBJECT ADDED ENTRY--TOPICAL TERM
Topical term or geographic name entry element TAYLOR V WILDIN
650 24 - SUBJECT ADDED ENTRY--TOPICAL TERM
Topical term or geographic name entry element HOLME V BRUNSKILL
650 24 - SUBJECT ADDED ENTRY--TOPICAL TERM
Topical term or geographic name entry element FREEMAN V EVANS
650 24 - SUBJECT ADDED ENTRY--TOPICAL TERM
Topical term or geographic name entry element LOWER V SORRELL
651 #4 - SUBJECT ADDED ENTRY--GEOGRAPHIC NAME
Geographic name ENGLAND AND WALES
690 ## - LOCAL SUBJECT ADDED ENTRY--TOPICAL TERM (OCLC, RLIN)
Topical term or geographic name as entry element PROPERTY-COMMERCIAL PROPERTY-LANDLORD AND TENANT
942 ## - ADDED ENTRY ELEMENTS (KOHA)
Suppress in OPAC 0
Holdings
Withdrawn status Lost status Source of classification or shelving scheme Damaged status Not for loan Home library Current library Shelving location Date acquired Total Checkouts Full call number Barcode Date last seen Copy number Price effective from Koha item type
    Dewey Decimal Classification     London London Journal article 14/10/2010   L151289 151289-1001 06/08/2019 1 06/08/2019 Journal article